000 00926nam a2200253Ia 4500
005 20251020182531.0
008 200515s9999 xx 000 0 und d
082 _a7.011/P66/1
100 _aPLAZOLA CISNEROS, Alfredo PLAZOLA ANGUIANO, Alfredo PLAZOLA ANGUIANO, Guillermo
245 0 _aArquitectura habitacional
250 _a5a ed.
260 _aMéxico, D.F.
260 _c1992
500 _a la evolución de la casa-habitación desde las primeras culturas hasta la época actual. También se incluye en este volumen un capitulo sobre planificación donde se establece la programación lógica para conjugar los aspectos físicos, humanos económicos, pol
520 _aSe estudian las medidas antropométricas
650 _aANTROPOMETRIA
650 _aARQUITECTURA
650 _aCOLOR
650 _aESTILOS ARQUITECTONICOS
650 _aLIB
650 _aURBANISMO
650 _aVIVIENDAS
942 _cLIB
999 _c2072
_d2072